Farhang e Istalhat Jamia Usmania (Urdu) (Vol. 1) (Record no. 9416)

000 -LEADER
fixed length control field 00404 a2200145 4500
040 ## - CATALOGING SOURCE
Original cataloging agency DLC
082 ## - DEWEY DECIMAL CLASSIFICATION NUMBER
Classification number 423.419439
100 ## - MAIN ENTRY--PERSONAL NAME
Personal name Dr. Jamil Jalibi
245 ## - TITLE STATEMENT
Title Farhang e Istalhat Jamia Usmania (Urdu) (Vol. 1)
Statement of responsibility, etc. Dr. Jamil Jalibi
260 ## - PUBLICATION, DISTRIBUTION, ETC.
Place of publication, distribution, etc. Islamabad:
Name of publisher, distributor, etc. Muqtedara Qomi Zuban,
Date of publication, distribution, etc. 1991.
300 ## - PHYSICAL DESCRIPTION
Extent 471 p. ;
Dimensions 27 cm.
500 ## - GENERAL NOTE
General note Includes Index
650 ## - SUBJECT ADDED ENTRY--TOPICAL TERM
Topical term or geographic name entry element Dictionary
942 ## - ADDED ENTRY ELEMENTS (KOHA)
Koha item type Book
Call number prefix 423.419439 JAL
Source of classification or shelving scheme
Holdings
Withdrawn status Lost status Damaged status Not for loan Collection code Permanent Location Current Location Shelving location Date acquired Source of acquisition Cost, normal purchase price Full call number Barcode Date last seen Price effective from Koha item type
          Central Library (CL) Central Library (CL) General Stacks 08/23/2002 National Language Authority 280.00 423.419439 JAL SEECS002302 11/14/2012 01/05/2017 Reference
© 2023 Central Library, National University of Sciences and Technology. All Rights Reserved.